Vetores (Record no. 142472)

MARC details
000 -LÍDER
campo de controle de tamanho fixo 00845 a2200181 4500
001 - NÚMERO DE CONTROLE
campo de controle 142472
040 ## - FONTE DA CATALOGAÇÃO
Instituição que transcreveu o registro Leonardo Da Vinci
041 ## - CÓDIGO DE IDIOMA
Código do idioma do texto/trilha sonora ou título diferente Português
082 ## - CDD - CLASSIFICAÇÃO DECIMAL DE DEWEY
Número de Classificação v214
100 ## - ENTRADA PRINCIPAL--NOME PESSOAL
Nome pessoal EDUCACIONAL SHOP VIDEO
245 ## - TÍTULO
Título Vetores
Restante do título o programa computadorizado mostra a geometria sob uma nova luz
250 ## - EDIÇÃO
Edição v.1-2
260 ## - PUBLICAÇÃO, DISTRIBUIÇÃO, ETC.
Nome do editor, distribuidor, etc. ESV
Local de publicação, distribuição, etc. São Paulo
490 ## - TÍTULO DA SÉRIE
Título da série TV Ontario
520 ## - NOTA DE RESUMO, ETC
Resumo, etc. A definição de um vetor é desenvolvida com vários exemplos.<br/>Acrescenta-se ainda vetores com ângulos retos, pelo Teorema de Pitágoras<br/>e razão da tangente. Aplica-se os princípios vetoriais ao mundo real<br/>através do conceito de força
697 ## - ENTRADA DE ASSUNTO LOCAL--ENTIDADE COLETIVA (RLIN)
Nome corporativo ou nome da jurisdição Desenho Geométrico
-- Geometria
-- Teorema de Pitágoras
-- Tangente
-- Vetor
-- Siga a flecha
-- Encontrando o resultante
-- Pares Ordenados
-- Resolução sem gráfico
-- Força
-- Aplicação de forças
942 ## - ELEMENTOS DE ENTRADA ADICIONADOS (KOHA)
Tipo de material Koha Materiais visuais
Holdings
Situação do descarte Situação das perdas Situação física Não pode ser emprestado Biblioteca de origem Biblioteca atual Data de aquisição Total de empréstimos Número de chamada completo Código de barras Data de último acesso Data do preço efetivo Tipo de material Koha
        Leonardo Da Vinci - Alphaville 1 Leonardo Da Vinci - Alphaville 1 27/03/2024   v214 A0234LVA 27/03/2024 27/03/2024 Materiais visuais